[Event "GER-ch54 V05 email"]
[Site "GER email"]
[Date "2022.05.01"]
[Round "?"]
[White "Wichert, Gerd"]
[Black "Fischer, Jens"]
[Result "1/2-1/2"]
[WhiteElo "2130"]
[BlackElo "1964"]
[PlyCount "63"]
[EventDate "2022.05.01"]
[EventType "tourn (corr)"]
[EventRounds "10"]
[EventCountry "GER"]
[SourceTitle "Corr 2024"]
[Source "ChessBase"]
[SourceDate "2023.10.19"]
[SourceVersion "1"]
[SourceVersionDate "2023.10.19"]
[SourceQuality "1"]

1. e4 e5 2. Nf3 Nc6 3. Bc4 Bc5 4. c3 Nf6 5. d3 0-0 6. 0-0 d6 7. Nbd2 Bb6 8. Bb3 h6 9. Nc4 Na5 10. Nxb6 axb6 11. Bc2 Nc6 12. h3 Re8 13. Re1 d5 14. Qe2 Be6 15. d4 dxe4 16. Nxe5 Qd5 17. Bb3 Qd6 18. Bf4 Bxb3 19. axb3 Rxa1 20. Rxa1 Ne7 21. Ng6 Qe6 22. Nxe7+ Rxe7 23. Be5 c6 24. b4 b5 25. Ra8+ Ne8 26. Rd8 f5 27. f3 exf3 28. Qxf3 Rd7 29. Ra8 Kh7 30. Qf4 Rf7 31. Rb8 Re7 32. Rd8 1/2-1/2

[Event "GER-ch54 V05 email"]
[Site "GER email"]
[Date "2022.05.01"]
[Round "?"]
[White "Wichert, Gerd"]
[Black "Schulz, Rene"]
[Result "1/2-1/2"]
[WhiteElo "2130"]
[BlackElo "2066"]
[PlyCount "59"]
[EventDate "2022.05.01"]
[EventType "tourn (corr)"]
[EventRounds "10"]
[EventCountry "GER"]
[SourceTitle "Corr 2024"]
[Source "ChessBase"]
[SourceDate "2023.10.19"]
[SourceVersion "1"]
[SourceVersionDate "2023.10.19"]
[SourceQuality "1"]

1. d4 d5 2. c4 e6 3. Nf3 Nf6 4. g3 dxc4 5. Bg2 a6 6. 0-0 Nc6 7. e3 Bd7 8. Qe2 Bd6 9. Qxc4 0-0 10. Nbd2 Rc8 11. Qc2 Nb4 12. Qb3 Bb5 13. Nc4 c5 14. Bd2 Bxc4 15. Qxc4 cxd4 16. Qb3 Nc6 17. Nxd4 Nxd4 18. exd4 b5 19. a4 Be7 20. axb5 axb5 21. Bb7 Rb8 22. Bf3 Qxd4 23. Bf4 Rbc8 24. Qxb5 Rc2 25. Be5 Rc5 26. Bxd4 Rxb5 27. Bc6 Rbb8 28. Rfc1 Rfd8 29. Be5 Bd6 30. Bxd6 1/2-1/2

[Event "GER-ch51 V06 email"]
[Site "GER email"]
[Date "2019.04.14"]
[Round "?"]
[White "Hamann, Henner"]
[Black "Wichert, Gerd"]
[Result "0-1"]
[WhiteElo "2307"]
[BlackElo "2316"]
[PlyCount "46"]
[EventDate "2019.??.??"]
[EventType "tourn (corr)"]
[EventRounds "10"]
[EventCountry "GER"]
[SourceTitle "Corr 2022"]
[Source "ChessBase"]
[SourceDate "2021.10.24"]
[SourceVersion "1"]
[SourceVersionDate "2021.10.24"]
[SourceQuality "1"]

1. e4 e5 2. Nf3 Nc6 3. Bb5 Nf6 4. d3 Bc5 5. Bxc6 dxc6 6. 0-0 Nd7 7. Re1 0-0 8. c3 h6 9. Nbd2 Re8 10. h3 a5 11. Qc2 a4 12. d4 exd4 13. cxd4 Bf8 14. Nf1 c5 15. Be3 cxd4 16. Nxd4 c5 17. Ne2 b5 18. Red1 Bb7 19. f3 Qc7 20. Rac1 c4 21. Nf4 Nc5 22. a3 f5 23. Nd5 Qf7 0-1